Bayer 04 Leverkusens Siege 24/25 - Statistiken

Allgemein
  • Dieses Quiz wurde 79 mal gespielt
  • Das Durchschnittsergebnis liegt bei 15 aus 24
Antwortstatistiken
Wettbewerb Verein % Korrekt
Bundesliga Borussia Dortmund
93%
Supercup VfB Stuttgart
93%
Bundesliga SC Freiburg
78%
Bundesliga Borussia Mönchengladbach
76%
Bundesliga Eintracht Frankfurt
76%
Bundesliga Eintracht Frankfurt
76%
Bundesliga FC Augsburg
76%
Bundesliga VfL Bochum
75%
Bundesliga 1. FC Heidenheim
74%
DFB-Pokal Bayern München
72%
Bundesliga VfL Wolfsburg
72%
Bundesliga Mainz 05
71%
DFB-Pokal 1. FC Köln
69%
Bundesliga TSG Hoffenheim
69%
Bundesliga Holstein Kiel
68%
Bundesliga St. Pauli
68%
Bundesliga Union Berlin
66%
Champions League Inter Mailand
53%
Champions League AC Mailand
44%
Champions League Sparta Prag
40%
DFB-Pokal Carl Zeiss Jena
38%
Champions League RB Salzburg
37%
Champions League Feyenoord
32%
DFB-Pokal SV Elversberg
32%
Keine übereinstimmenden Quizze gefunden
Verteilung der Resultate
Anzahl Personen mit jedem Resultat
Perzentil nach korrekt beantworteten Fragen
Ihre Resultats-Entwicklung
Sie haben dieses Quiz noch nicht gespielt